000 00787nam a22002531c 4500
001 a987690389
008 180829s2018 gw |||| 000u ger d
020 _a9783742502049
_9978-3-7425-0204-9
041 _ager
245 0 0 _aRusskij Futbol :
_bein Lesebuch
250 _aSonderausgabe für die Bundeszentrale für politische Bildung
264 _aBonn :
_bBundeszentrale für politsche Bildung,
_c2018
300 _a224 Seiten
650 0 _aFußball
651 0 _aRussland
651 0 _aSowjetunion
700 1 _aFelsberg, Stephan
_eHerausgeberIn
700 1 _aKöhler, Tim
_eHerausgeberIn
700 1 _aBrand, Martin
_eHerausgeberIn
942 _cMG
040 _cRU-10907106
003 RU-10907106
999 _c52875
_d52875
490 0 _aSchriftenreihe / Bundeszentrale für Politische Bildung
_v10204